| 000 | 00879cam a2200313 4500500 | ||
|---|---|---|---|
| 005 | 20260405003421.0 | ||
| 041 | _afre | ||
| 042 | _adc | ||
| 100 | 1 | 0 |
_aEnjalbert, Cédric _eauthor |
| 245 | 0 | 0 | _aPascal Quignard : “Profiter de tous les instants du jour est très suffisant” |
| 260 | _c2021. | ||
| 500 | _a83 | ||
| 690 | _aAtaraxie | ||
| 690 | _aExpérience | ||
| 690 | _aGoût | ||
| 690 | _aGrèce Antique | ||
| 690 | _aIntensité | ||
| 690 | _aMort | ||
| 690 | _aMusique | ||
| 690 | _aNuance | ||
| 690 | _aPascal Quignard | ||
| 690 | _aRuine | ||
| 690 | _aSagesse | ||
| 690 | _aVieillesse | ||
| 690 | _avieillir | ||
| 690 | _aVieillissement | ||
| 786 | 0 | _nPhilosophie magazine | 155 | 12 | 2021-12-01 | p. 30-32 | 1951-1787 | |
| 856 | 4 | 1 | _uhttps://shs.cairn.info/magazine-philosophie-magazine-2021-12-1-page-30?lang=fr&redirect-ssocas=7080 |
| 999 |
_c2067337 _d2067337 |
||